Loading...
| Science - Other | 3 | 3 | 0 | 0 | 75 | 16 | 76.50 | 3 | 6 | 0.00 | 0.00 |
| Social Science | 0 | 7 | 0 | 3 | 70 | 105 | 124.71 | 3 | 7 | 0.00 | 0.00 |
| Literature - American | 0 | 6 | 0 | 0 | 60 | 80 | 118.83 | 4 | 6 | 0.00 | 0.00 |
| Fine Arts - Other | 0 | 5 | 0 | 0 | 50 | 90 | 115.80 | 1 | 5 | 0.00 | 0.00 |
| Science - Chemistry | 1 | 2 | 0 | 0 | 35 | 67 | 85.00 | 3 | 3 | 0.00 | 0.00 |
| Science - Biology | 0 | 3 | 0 | 1 | 30 | 121 | 129.67 | 2 | 3 | 0.00 | 0.00 |
| Fine Arts - Visual | 0 | 3 | 1 | 1 | 25 | 82 | 118.00 | 1 | 3 | 0.00 | 0.00 |
| Other Academic | 1 | 1 | 0 | 0 | 25 | 42 | 65.50 | 2 | 2 | 0.00 | 0.00 |
| Literature - World | 0 | 3 | 1 | 0 | 25 | 100 | 118.33 | 2 | 3 | 0.00 | 0.00 |
| Fine Arts - Auditory | 0 | 2 | 0 | 1 | 20 | 147 | 152.50 | 0 | 2 | 0.00 | 0.00 |
| History - American | 0 | 2 | 0 | 0 | 20 | 123 | 130.00 | 0 | 2 | 0.00 | 0.00 |
| Literature - British | 0 | 2 | 1 | 0 | 15 | 116 | 118.50 | 1 | 2 | 0.00 | 0.00 |
| Religion | 0 | 1 | 0 | 0 | 10 | 99 | 99.00 | 1 | 1 | 0.00 | 0.00 |
| Literature - European | 0 | 1 | 0 | 0 | 10 | 133 | 133.00 | 1 | 1 | 0.00 | 0.00 |
| History - World | 0 | 1 | 0 | 0 | 10 | 93 | 93.00 | 1 | 1 | 0.00 | 0.00 |
| Geography | 0 | 1 | 1 | 1 | 5 | 152 | 152.00 | 0 | 1 | 0.00 | 0.00 |
| Philosophy | 0 | 0 | 1 | 0 | -5 | 0.00 | 0 | 0 | 0.00 | 0.00 |